MARC details
| 000 -LEADER |
| fixed length control field |
02242cam a22004457a 4500 |
| 001 - CONTROL NUMBER |
| control field |
4308 |
| 003 - CONTROL NUMBER IDENTIFIER |
| control field |
FISKH |
| 005 - DATE AND TIME OF LATEST TRANSACTION |
| control field |
20240717095230.0 |
| 008 - FIXED-LENGTH DATA ELEMENTS--GENERAL INFORMATION |
| fixed length control field |
110201s2009 nyua j 001 1 eng d |
| 010 ## - LIBRARY OF CONGRESS CONTROL NUMBER |
| LC control number |
2010525725 |
| 020 ## - INTERNATIONAL STANDARD BOOK NUMBER |
| International Standard Book Number |
9781597071444 (hc.) |
| 020 ## - INTERNATIONAL STANDARD BOOK NUMBER |
| International Standard Book Number |
1597071447 (hc.) |
| 020 ## - INTERNATIONAL STANDARD BOOK NUMBER |
| International Standard Book Number |
9781597071437 (pbk.) |
| 020 ## - INTERNATIONAL STANDARD BOOK NUMBER |
| International Standard Book Number |
1597071439 (pbk.) |
| 040 ## - CATALOGING SOURCE |
| Original cataloging agency |
BTCTA |
| Transcribing agency |
BTCTA |
| Modifying agency |
LPU |
| -- |
WIM |
| -- |
UPZ |
| -- |
FTL |
| -- |
DLC |
| Language of cataloging |
eng |
| 050 ## - LIBRARY OF CONGRESS CALL NUMBER |
| Classification number |
PN6728.N29 |
| 082 ## - DEWEY DECIMAL CLASSIFICATION NUMBER |
| Classification number |
741.5 |
| 100 1# - MAIN ENTRY--PERSONAL NAME |
| Personal name |
Petrucha, Stefan. |
| 245 10 - TITLE STATEMENT |
| Title |
Night of the living chatchke / |
| Statement of responsibility, etc. |
Stefan Petrucha & Sarah Kinney, writers ; Sho Murase, artist ; with 3D CG elements and color by Carlos Jose Guzman. |
| 260 ## - PUBLICATION, DISTRIBUTION, ETC. |
| Place of publication, distribution, etc. |
Tsuen Wan : |
| Name of publisher, distributor, etc. |
Simon & Schuster, |
| Date of publication, distribution, etc. |
2009 |
| 300 ## - PHYSICAL DESCRIPTION |
| Extent |
76 unnumbered pages : |
| Other physical details |
color illustrations ; |
| Dimensions |
19 cm |
| 490 0# - SERIES STATEMENT |
| Series statement |
Nancy Drew, girl detective ; |
| Volume/sequential designation |
Book 17 |
| 500 ## - GENERAL NOTE |
| General note |
"Based on the series by Carolyn Keene." |
| 520 ## - SUMMARY, ETC. |
| Summary, etc. |
"Nancy Drew travels to Turkey with her father, attorney Carson Drew, who plans to negotiate the sale of an ancestral estate belonging to one of his clients. When Nancy finds that mysterious artifacts have been disappearing from the estate, she turns her suspicions to Harland Severino, a rich man who desperately wants to purchase it. Nancy does some sleuthing that leads her beneath the property into an environment no one could've guessed what lay there: the ancient ruins of a city long forgotten by time, filled with priceless ancient artifacts that grave robbers will do anything to get at!" -- from publisher's web site. |
| 600 10 - SUBJECT ADDED ENTRY--PERSONAL NAME |
| Personal name |
Drew, Nancy |
| Titles and other words associated with a name |
(Fictitious character) |
| Form subdivision |
Comic books, strips, etc. |
| 600 11 - SUBJECT ADDED ENTRY--PERSONAL NAME |
| Personal name |
Drew, Nancy |
| Titles and other words associated with a name |
(Fictitious character) |
| Form subdivision |
Fiction. |
| 650 #0 - SUBJECT ADDED ENTRY--TOPICAL TERM |
| Topical term or geographic name entry element |
Adventure and adventurers |
| Form subdivision |
Comic books, strips, etc. |
| 650 #1 - SUBJECT ADDED ENTRY--TOPICAL TERM |
| Topical term or geographic name entry element |
Cartoons and comics. |
| 650 #1 - SUBJECT ADDED ENTRY--TOPICAL TERM |
| Topical term or geographic name entry element |
Adventure and adventurers |
| Form subdivision |
Fiction. |
| 650 #1 - SUBJECT ADDED ENTRY--TOPICAL TERM |
| Topical term or geographic name entry element |
Mystery and detective stories. |
| 651 #0 - SUBJECT ADDED ENTRY--GEOGRAPHIC NAME |
| Geographic name |
Turkey |
| General subdivision |
Antiquities |
| Form subdivision |
Comic books, strips, etc. |
| 651 #1 - SUBJECT ADDED ENTRY--GEOGRAPHIC NAME |
| Geographic name |
Turkey |
| General subdivision |
Antiquities |
| Form subdivision |
Fiction. |
| 655 #0 - INDEX TERM--GENRE/FORM |
| Genre/form data or focus term |
Graphic novels. |
| 655 #0 - INDEX TERM--GENRE/FORM |
| Genre/form data or focus term |
Comic books, strips, etc. |
| 700 1# - ADDED ENTRY--PERSONAL NAME |
| Personal name |
Kinney, Sarah. |
| Relator term |
Author |
| 700 1# - ADDED ENTRY--PERSONAL NAME |
| Personal name |
Murase, Sho, |
| Relator term |
illustrator |
| 906 ## - LOCAL DATA ELEMENT F, LDF (RLIN) |
| a |
7 |
| b |
cbc |
| c |
copycat |
| d |
2 |
| e |
ncip |
| f |
20 |
| g |
y-gencatlg |
| 942 ## - ADDED ENTRY ELEMENTS (KOHA) |
| Source of classification or shelving scheme |
Dewey Decimal Classification |
| Koha item type |
Books |
| Suppress in OPAC |
No |